Music Quiz

Random Music or Letter Quiz

Bands & Musicians by Song: 'A' Quiz Stats

 Plays Quiz Updated Jan 6, 2018

Challenge
Share
Tweet
Score 0/20 Timer 05:00
25 Plays Today
% Correct
Adele - Rolling in the Deep
93.3%
ABBA - Dancing Queen
90.3%
Armstrong, Louis - What a Wonderful World
86.7%
Astley, Rick - Never Gonna Give You Up
86%
Aguilera, Christina - Genie In A Bottle
85.8%
Aerosmith - I Don't Want to Miss a Thing
84.9%
Adams, Bryan - Summer of 69
84.4%
a-ha - Take On Me
84%
AC-DC - Thunderstruck
73.8%
The Animals - House of the Rising Sun
72.1%
% Correct
America - A Horse With No Name
69.8%
Afroman - Because I Got High
69.7%
Ace of Base - All That She Wants
66.8%
Asia - Heat of the Moment
63%
Abyssinians - Satta Masagana
61%
Abdul, Paula - Opposites Attract
60.6%
Aaliyah - Try Again
59.6%
Anka, Paul - You Are My Destiny
59.5%
Audioslave - Like a Stone
58.6%
Alice in Chains - Man in the Box
57.3%

You're not logged in!

Compare scores with friends on all Sporcle quizzes.
OR
Log In

You Might Also Like...

Show Comments

Extras

Top Quizzes Today


Score Distribution

Your Account Isn't Verified!

In order to create a playlist on Sporcle, you need to verify the email address you used during registration. Go to your Sporcle Settings to finish the process.

Report this User

Report this user for behavior that violates our Community Guidelines.

Details: